| 000 | 01494cam a2200289 i 4500 | ||
|---|---|---|---|
| 003 | SA-RiAUC | ||
| 005 | 20241011150246.0 | ||
| 008 | 241006s1986 le g 000r0 ara c | ||
| 040 |
_aSA-RiAUC _bara _cSA-RiAUC _erda |
||
| 082 | 0 | 4 | _a237.2 |
| 090 |
_a237.2 _bم ق ت |
||
| 245 | 0 | 2 |
_aالمقتطف من إتحاف الأكابر بأسانيد المفتي عبد القادر بن أبي بكر الصديقي المكي الحنفي / _cتخريج محمد هاشم بن عبد الغفور السندي ؛ اختيار وترتيب أبي الفيض محمد ياسين بن عيسي الفاداني المكي. |
| 246 | 3 | 0 | _aأسانيد المفتي عبد القادر بن أبي بكر الصديقي المكي الحنفي |
| 250 | _aالطبعة الثانية. | ||
| 264 | 1 |
_aبيروت : _bدار البشائر الإسلامية، _c1988 |
|
| 300 |
_a227 صفحة ؛ _c24 سم |
||
| 336 |
_aنص _btxt _2rdacontent _3كتاب |
||
| 337 |
_aبدون وسيط _bn _2rdamedia |
||
| 338 |
_aمجلد _bnc _2rdacarrier |
||
| 650 | 7 |
_aالحديث _xإسناد _2aucsh |
|
| 650 | 7 |
_aالإجازة (علم الحديث) _2aucsh |
|
| 700 | 1 |
_aالسندي، محمد بن هاشم بن عبد الغفور، _d1104-1174 هجري _eمخرج أحاديث. |
|
| 700 | 1 |
_aالفاداني، محمد ياسين بن محمد عيسى، _d1335-1411 هجري _eجامع. |
|
| 740 | 0 | _aإتحاف الأكابر. | |
| 942 |
_2ddc _cBOOK _n0 |
||
| 949 |
_aSA-JeALM _d241006 _umohamedma123 _n1 |
||
| 999 |
_c1175 _d1175 |
||